000 00552nam a2200193Ia 4500
003 GCL
005 20240530104239.0
008 140319s9999 xx 000 0 ara d
040 _aGCL /
_cGCL
082 0 4 _a810.99
_bم ب
100 0 _4محمد مصطفى هدارة
245 1 0 _aبحوث فى الادب العربى الحديث /
_cمحمد مصطفى هدارة
300 _a412 ص
490 _a100 قصة
_v0
650 0 4 _aالادب العربى
650 0 4 _aالعصر الحديث
650 0 4 _aتاريخ ونقد
942 _2ddc
_cBK
999 _c45839
_d45839